000 01092cam a2200349 i 4500
001 200467598
003 TR-AnTOB
005 20260312104810.0
007 ta
008 260205s2024 tu $ra1 $$$$ tur utur d
020 _a9786259821894
040 _aTR-AnTOB
_beng
_erda
_cTR-AnTOB
041 0 _atur
044 _ctu
050 1 4 _aHE5614
_b.G885 2024
090 _aHE5614
_b.G885 2024
245 0 0 _aGüvenli sürdürülebilir ulaşım =
_bsafe and sustainable mobility /
_cDerleyenler : Derya Azık Özkan, Gizem Fındık
250 _a1. baskı
264 1 _aAnkara :
_bPolis Akademi Yayınları,
_c2025.
300 _a217 pages ;
_c23 cm
336 _ametin
_btxt
_2rdacontent
337 _aaracısız
_bn
_2rdamedia
338 _acilt
_bnc
_2rdacarrier
490 0 _aPolis Akademi Yayınları ;
_v211
504 _aBIB
650 7 _aTrafik güvenliği
_2etuturkob
_9129545
650 7 _aKent içi ulaşım
_2etuturkob
_972774
700 1 _aFındık, Gizem
_ecomplier
_9152898
700 1 _aÖzkan, Derya Azık
_ecomplier
_9152899
942 _2lcc
_cBK
999 _c200467598
_d85810